01376nam a22001817a 450000500170000000800410001702000180005804000070007604100080008308200180009110000170010924500470012626000410017330000240021436500630023852008800030165000130118120230113150734.0230113b ||||| |||| 00| 0 eng d a9789380147604 cAL aeng 223a380bSARE aW.K .Sarwade aEmerging Trends in Commerce and Management aNew DelhibPacific Publicationc2011 a596p.bHBc14x22cm. 2GeneralaIN-13251b₹1191.00c₹d₹1191.00f06-01-2023 aThe world is experiencing an unprecedented economic slowdown. There seems to be no end to the US financial crisis. It deflationary effects are not spreading to other economy. Though it is true that we are in a global recession, the media hype is so high that there is panic virtually everywhere. There is a clear lack of understanding of the word "recession". Economic describe recession as reduction of country's GDP (Gross Domestic Production) for two consecutive quarters i.e. an increase in unemployment (1.5% in a period of 12 months). The book includes the various research papers on the different topics of the commerce and Management emerging issues. It also relates with the different emerging issues on marketing, finance, Banking, Human resource management. Rural Marketing, Globalization and Foreign direct investment, Global Recession and other important issues. 2Commerce